000 01030nas a2200301 4500
001 BR2012008363
003 BR-BrBNA
005 20231205121449.0
007 ta
008 230509b bl.|||p| |||| 00| 00por d
040 _aBR-BrBNA
_bpor
_cBiblioteca Nacional de Agricultura
041 _a(Pt)
072 _aE14
100 1 _aBorges, M.S.
100 1 _aGuedes, C.A.M.
100 1 _aAssis, R.L. de
245 1 _aUm estudo do Projeto Balde Cheio como vetor de desenvolvimento sustentável do pequeno produtor de leite
650 _aPRODUÇÃO LEITEIRA
650 _aPEQUENO PRODUTOR
650 _aLEITE
650 _aPROJETO DE DESENVOLVIMENTO
650 _aDESENVOLVIMENTO ECONÔMICO
650 _aMANEJO SUSTENTÁVEL
773 0 _tRevista Brasileira de Agropecuária Sustentável (Brazil)
_xISSN 2178-5317
_g(Jul 2011), v. 1(1) p. 151-161
_wBR2012008363
856 4 0 _uhttp://www.rbas.com.br/downloads.php?arquivo=pdf/revista_3_artigo_68.pdf
909 _a202311
_bLúcia
_c55
_dLúcia Elande
942 _2AGRIS
_n0
_cANA
999 _c223699
_d223699